| 000 | 00693nam a22002057a 4500 | ||
|---|---|---|---|
| 005 | 20251108173344.0 | ||
| 008 | 250721s1997 xx 000 0 ara d | ||
| 082 | 1 | 4 | _aط/928.11/تما |
| 100 | 1 |
_aفرهود، أحمد عبد الله _eمراجع |
|
| 245 | 1 | 0 | _aأبو تمام / |
| 264 | 1 |
_aحلب : _bدار القلم العربي، _c1997. |
|
| 300 | _a16ص. | ||
| 490 | 0 |
_aتاريخ شعراء العربية : شعراء العصر العباسي الأول _v5 |
|
| 650 | 1 | 7 | _aالتراجم |
| 650 | 1 | 7 | _aالشعراء العرب |
| 650 | 1 | 7 | _aالعصر العباسي الأول |
| 653 | _a(سنة 14-10) ناشئون صغار | ||
| 942 |
_2ddc _cBK |
||
| 999 |
_c101978 _d101978 |
||